000 00611nam a2200181Ia 4500
003 GCL
008 140319s9999 xx 000 0 ara d
040 _aGCL /
_cGCL
082 0 4 _a891.7
_bا س
100 1 _aخيرى الضامن
245 1 0 _aالسفاحون: نشوة السكاكين او حياة الجلادين /
_cخيرى الضامن
700 1 _aاداموفيتش، اليس
300 _a364 ص
490 _aالهيئة العامة للاستعلامات
_v0
650 0 4 _aالقصص الروسية المترجمة
650 0 4 _aالادب الروسى المترجم
942 _2ddc
_cBK
999 _c47262
_d47262